[Event "elllobregat Open-A 2019"]
[Site "El Prat de Llobregat"]
[Date "2019.12.07"]
[Round "5.12"]
[White "Jerez Perez, Alfonso"]
[Black "Karthik Venkataraman"]
[Result "1/2-1/2"]
[WhiteElo "2369"]
[BlackElo "2470"]
[Annotator "ChessBase"]
[PlyCount "77"]
[EventDate "2019.12.03"]
[EventType "swiss"]
[EventCountry "ESP"]
[SourceTitle "playchess.com"]
[Source "ChessBase"]
[SourceQuality "1"]
[TimeControl "40/5400+30:1800+30"]

1. e4 {[%emt 0:00:00]} g6 {[%emt 0:06:19]} 2. d4 {[%emt 0:00:50]} Bg7 {[%emt 0:01:39]} 3. Nc3 {[%emt 0:00:50]} d6 {[%emt 0:00:03]} 4. Nf3 {[%emt 0:00:14]} a6 {[%emt 0:00:05]} 5. a4 {[%emt 0:00:24]} Nf6 {[%emt 0:00:04]} 6. Be2 {[%emt 0:00:17]} O-O {[%emt 0:00:05]} 7. O-O {[%emt 0:00:10]} Nc6 {[%emt 0:00:30]} 8. Be3 {[%emt 0:01:42]} e5 {[%emt 0:00:28]} 9. h3 {[%emt 0:01:49]} exd4 {[%emt 0:05:57]} 10. Nxd4 {[%emt 0:00:44]} Re8 {[%emt 0:00:11]} 11. Nxc6 {[%emt 0:02:19]} bxc6 {[%emt 0:00:02]} 12. Bf3 {[%emt 0:00:11]} Rb8 {[%emt 0:02:35]} 13. Rb1 {[%emt 0:00:51]} Nd7 {[%emt 0:06:53]} 14. Qd2 {[%emt 0:02:18]} Qf6 {[%emt 0:02:36]} 15. Rfe1 {[%emt 0:10:29]} h5 {[%emt 0:09:34]} 16. Be2 {[%emt 0:26:15]} Nc5 {[%emt 0:06:48]} 17. Bxc5 {[%emt 0:10:47]} dxc5 {[%emt 0:00:09]} 18. Bc4 {[%emt 0:00:05]} Rxb2 {[%emt 0:04:24]} 19. Rxb2 {[%emt 0:00:06]} Qxc3 {[%emt 0:00:03]} 20. Qxc3 {[%emt 0:00:14]} Bxc3 {[%emt 0:00:04]} 21. Rbb1 {[%emt 0:00:06]} Bxe1 {[%emt 0:00:05]} 22. Rxe1 {[%emt 0:00:03]} Be6 {[%emt 0:04:51]} 23. Bxe6 {[%emt 0:02:16]} Rxe6 {[%emt 0:00:03]} 24. f3 {[%emt 0:02:14]} Rd6 {[%emt 0:02:21]} 25. Rb1 {[%emt 0:03:07]} Rd4 {[%emt 0:11:11]} 26. a5 {[%emt 0:03:40]} Rb4 {[%emt 0:01:51]} 27. Rd1 {[%emt 0:00:54]} Rb5 {[%emt 0:02:53]} 28. Rd7 {[%emt 0:01:16]} c4 {[%emt 0:00:08]} 29. Rxc7 {[%emt 0:00:19]} c5 {[%emt 0:00:02]} 30. Kf2 {[%emt 0:01:56]} Rxa5 31. Ke3 {[%emt 0:00:27]} h4 {[%emt 0:05:21]} 32. e5 {[%emt 0:01:54]} g5 {[%emt 0:05:32]} 33. Ke4 {[%emt 0:01:24]} Ra2 {[%emt 0:04:17]} 34. Kf5 {[%emt 0:03:45]} Rxc2 {[%emt 0:00:04]} 35. Kf6 {[%emt 0:01:28]} Rxg2 {[%emt 0:00:04]} 36. e6 {[%emt 0:02:58]} fxe6 {[%emt 0:00:07]} 37. Rc8+ {[%emt 0:00:05]} Kh7 {[%emt 0:00:04]} 38. Rc7+ {[%emt 0:00:04]} Kg8 {[%emt 0:00:12]} 39. Rc8+ {[%emt 0:00:06]} 1/2-1/2

[Event "elllobregat Open-A 2019"]
[Site "El Prat de Llobregat"]
[Date "2019.12.07"]
[Round "5.13"]
[White "Gagare, Shardul"]
[Black "Bobadilla Viera, Jorge Samuel"]
[Result "1-0"]
[WhiteElo "2468"]
[BlackElo "2339"]
[Annotator "ChessBase"]
[PlyCount "77"]
[EventDate "2019.12.03"]
[EventType "swiss"]
[EventCountry "ESP"]
[SourceTitle "playchess.com"]
[Source "ChessBase"]
[SourceQuality "1"]
[TimeControl "40/5400+30:1800+30"]

1. e4 {[%emt 0:01:59]} c5 {[%emt 0:00:00]} 2. Nf3 {[%emt 0:00:22]} d6 {[%emt 0:00:00]} 3. Bb5+ {[%emt 0:00:04]} Nd7 {[%emt 0:00:29]} 4. O-O {[%emt 0:00:18]} a6 {[%emt 0:00:21]} 5. Bd3 {[%emt 0:00:13]} Ngf6 {[%emt 0:00:19]} 6. c3 {[%emt 0:00:11]} b5 {[%emt 0:01:33]} 7. a4 {[%emt 0:02:22]} c4 {[%emt 0:01:48]} 8. Be2 {[%emt 0:00:21]} Bb7 {[%emt 0:02:10]} 9. axb5 {[%emt 0:00:33]} axb5 {[%emt 0:00:44]} 10. Rxa8 {[%emt 0:00:08]} Bxa8 {[%emt 0:04:14]} 11. Na3 {[%emt 0:00:27]} Bxe4 {[%emt 0:15:58]} 12. Nxb5 {[%emt 0:03:24]} d5 {[%emt 0:04:25]} 13. b3 {[%emt 0:00:21]} cxb3 {[%emt 0:02:50]} 14. Qxb3 {[%emt 0:00:13]} e6 {[%emt 0:06:44]} 15. Ba3 {[%emt 0:03:46]} Nc5 {[%emt 0:05:54]} 16. Qb4 {[%emt 0:03:40]} Bxf3 17. gxf3 {[%emt 0:25:05]} Be7 {[%emt 0:15:31]} 18. Rb1 {[%emt 0:13:49]} g5 {[%emt 0:16:16]} 19. Qd4 {[%emt 0:10:18]} Ncd7 {[%emt 0:04:47]} 20. Nd6+ {[%emt 0:00:19]} Kf8 {[%emt 0:00:06]} 21. Rb7 {[%emt 0:08:49]} Qa5 {[%emt 0:08:15]} 22. Ra7 {[%emt 0:08:02]} Qxa3 {[%emt 0:01:19]} 23. Rxa3 {[%emt 0:00:35]} Bxd6 {[%emt 0:00:03]} 24. Ra6 {[%emt 0:03:53]} Bf4 {[%emt 0:02:57]} 25. Ra7 {[%emt 0:05:41]} Ne5 {[%emt 0:02:07]} 26. Ra8+ {[%emt 0:03:14]} Kg7 {[%emt 0:00:03]} 27. Rxh8 {[%emt 0:00:08]} Kxh8 {[%emt 0:00:04]} 28. d3 {[%emt 0:00:04]} Kg7 {[%emt 0:02:22]} 29. c4 {[%emt 0:00:05]} dxc4 {[%emt 0:00:43]} 30. dxc4 Ng8 {[%emt 0:00:45]} 31. Bd3 {[%emt 0:02:59]} f5 {[%emt 0:00:16]} 32. c5 {[%emt 0:01:33]} Nf6 {[%emt 0:02:13]} 33. Kg2 {[%emt 0:01:14]} h5 {[%emt 0:00:25]} 34. h4 {[%emt 0:00:26]} Nxd3 {[%emt 0:00:40]} 35. hxg5 Bxg5 {[%emt 0:00:25]} 36. Qxd3 {[%emt 0:01:31]} Nd5 {[%emt 0:00:02]} 37. Qb5 {[%emt 0:01:37]} Be7 {[%emt 0:00:36]} 38. Qd7 {[%emt 0:00:20]} Kf6 {[%emt 0:01:00]} 39. c6 {[%emt 0:00:01]} 1-0

[Event "elllobregat Open-A 2019"]
[Site "El Prat de Llobregat"]
[Date "2019.12.07"]
[Round "5.14"]
[White "Prraneeth Vuppala"]
[Black "Sosa, Tomas"]
[Result "0-1"]
[WhiteElo "2221"]
[BlackElo "2520"]
[Annotator "TA"]
[PlyCount "168"]
[EventDate "2019.12.03"]
[EventType "swiss"]
[EventCountry "ESP"]
[SourceTitle "playchess.com"]
[Source "ChessBase"]
[SourceQuality "1"]

{[%evp 9,168,0,0,0,0,-6,0,-5,-11,-4,-5,-9,-10,-3,0,0,0,0,0,-23,-27,-20,-11,-19,0,-29,-17,-56,-50,-37,-53,-53,-15,-12,-11,-20,-22,-20,-15,-18,-16,-27,-27,-38,-16,-38,-38,-52,-39,-44,-39,-35,0,0,0,-40,-37,-42,-21,-26,-21,-34,-23,-16,0,-36,-37,-43,-36,-39,-36,-48,-46,-62,-40,-38,0,-44,0,-39,-22,-41,-39,-47,-34,-38,-34,-47,-33,-39,-23,-24,0,-33,0,-38,-36,-35,-39,-40,-38,-47,-24,-30,-39,-40,-34,-47,-47,-47,-47,-47,-47,-135,-138,-125,-135,-211,-206,-195,-31,-41,-24,-25,-26,-33,-26,-26,-24,-31,-33,-35,-29,-1133,-170,-157,-135,-697,-667,-684,-680,-580,-554,-697,-670,-682,-681,-913,-881,-12839,-12840,-29987,-29988,-29988,-29989,-29989,-29984,-12846,-29985,-29985,-29986]} 1. d4 d5 2. Bf4 Nf6 3. e3 c5 4. c3 Nc6 5. Nd2 Bf5 (5... Qb6 6. Qb3 Nh5 7. Qxb6 axb6 8. Bc7 cxd4 9. exd4 e5 10. Bxe5 Nxe5 11. dxe5 Bc5 12. g3 O-O {1-0 (76) Aronian,L (2765)-Caruana,F (2832) London 2018}) 6. Ngf3 {D00: 1 d4 d5: Unusual lines} Qb6 7. Nh4 Bd7 8. Qb3 {The position is equal.} c4 9. Qc2 Nh5 10. Bg3 Nxg3 11. hxg3 e5 12. dxe5 Nxe5 13. Ndf3 $146 Ng4 14. Nd4 g6 15. Be2 Nf6 16. Nhf3 Qc7 17. Nd2 Bg7 18. Rd1 O-O 19. O-O Rfe8 20. Bf3 Bg4 21. Rfe1 Re7 22. Bxg4 Nxg4 23. N2f3 Nf6 24. Ne2 Rd8 25. Nf4 Red7 26. Nd4 Qe5 27. Qe2 h5 28. Nc2 Qe7 29. Qf3 a5 30. Nd4 Rd6 31. Nb5 R6d7 32. Nd4 Qe8 33. Nb5 Qe5 34. Qe2 Qe7 35. Nd4 Rd6 36. Nb5 R6d7 37. Nd4 Qc5 38. a4 Qe7 39. Qf3 Qe5 40. Nb5 Qf5 41. Nd4 Qe4 42. Qe2 Qe7 43. Qf3 Qe5 44. Qe2 Rc8 45. Qf3 Re8 46. Nb5 Bf8 47. Re2 Red8 48. Ree1 Qf5 49. Nd4 Qe4 50. Qe2 Bh6 51. Nb5 Bg7 52. Rd4 Qf5 53. Rdd1 Ne4 54. Nd4 Qg5 55. Nf3 Qg4 56. Qc2 Rd6 57. Nd4 {Strongly threatening f3.} Nc5 58. Nb5 R6d7 59. Nd4 Qg5 60. Nf3 Qe7 61. Nh2 (61. Nd4 $15) 61... Qe4 $17 62. Qe2 Nxa4 63. g4 (63. Nf3 $17) 63... hxg4 $1 $19 64. Nxg4 Qf5 $2 ({Black should play} 64... Rd6 $19 {Threatens to win with ...b5.} 65. Rd2 b5) 65. Nxd5 $1 $15 Qg5 ({Weaker is} 65... Rxd5 66. e4 $16) 66. f4 Qh4 67. e4 {[#]} Nxb2 $1 {[%mdl 512]} 68. Qxb2 Qxg4 69. Qb5 $1 {[#]} Bxc3 $1 {[%mdl 512] White must now prevent ...Rxd5.} 70. Rf1 (70. Nxc3 Rxd1) 70... Qe2 {Hoping for ...Rxd5!} 71. Ne7+ $2 {[%mdl 8192] [#]} (71. Nxc3 $11 Qe3+ {[%mdl 64] Double Attack} 72. Kh2 Rxd1 73. Rxd1 Qxf4+ 74. Kg1 Rxd1+ 75. Nxd1) 71... Rxe7 $2 (71... Kg7 $1 72. Rxd7 Qe3+ 73. Rf2 Rxd7 74. Qxd7 Be1 {[%mdl 64] Pin}) 72. Rxd8+ $19 Kg7 73. e5 $2 {[%mdl 8192] [#]} (73. Qc5 $17 Qxe4 74. Kh2) 73... Bd4+ $1 {[%mdl 576] Decoy} 74. Rxd4 Qe3+ {[%mdl 64] Double Attack} 75. Kh2 Qxd4 {[%mdl 4096] Endgame KQR-KQR} 76. Rf3 b6 77. Qc6 {Intending Qf6+ and mate.} Re6 78. Qc8 {[#] intending Rh3.} g5 $1 {And now ...g4 would win.} 79. Kh3 (79. fxg5 Qxe5+) 79... gxf4 80. g3 Rh6+ 81. Kg2 Qd2+ 82. Rf2 {[#]} Rh2+ $1 {[%mdl 576] Deflection, Decoy} 83. Kxh2 Qxf2+ {[%mdl 64] Double Attack} 84. Kh1 Qf3+ {Accuracy: White = 44%, Black = 56%.} 0-1

[Event "elllobregat Open-A 2019"]
[Site "El Prat de Llobregat"]
[Date "2019.12.07"]
[Round "5.15"]
[White "Narciso Dublan, Marc"]
[Black "Sankalp Gupta"]
[Result "1-0"]
[WhiteElo "2516"]
[BlackElo "2365"]
[Annotator "ChessBase"]
[PlyCount "59"]
[EventDate "2019.12.03"]
[EventType "swiss"]
[EventCountry "ESP"]
[SourceTitle "playchess.com"]
[Source "ChessBase"]
[SourceQuality "1"]
[TimeControl "40/5400+30:1800+30"]

1. e4 {[%emt 0:00:00]} c5 {[%emt 0:01:20]} 2. Be2 {[%emt 0:00:00]} Nc6 {[%emt 0:00:03]} 3. f4 {[%emt 0:00:04]} g6 {[%emt 0:00:03]} 4. Nf3 {[%emt 0:00:11]} Bg7 {[%emt 0:00:02]} 5. O-O {[%emt 0:00:28]} e6 {[%emt 0:02:37]} 6. c3 {[%emt 0:00:47]} d5 {[%emt 0:01:04]} 7. d3 {[%emt 0:02:25]} Nge7 {[%emt 0:00:09]} 8. Na3 {[%emt 0:01:43]} O-O {[%emt 0:00:13]} 9. Nc2 {[%emt 0:05:34]} b6 {[%emt 0:02:28]} 10. e5 {[%emt 0:01:09]} a5 {[%emt 0:04:07]} 11. d4 {[%emt 0:02:31]} Ba6 {[%emt 0:00:42]} 12. Bxa6 {[%emt 0:01:16]} Rxa6 {[%emt 0:00:03]} 13. Be3 {[%emt 0:05:29]} cxd4 {[%emt 0:01:57]} 14. cxd4 {[%emt 0:03:32]} b5 {[%emt 0:02:32]} 15. Nce1 {[%emt 0:02:39]} Qb6 {[%emt 0:00:49]} 16. Nd3 {[%emt 0:00:26]} Ra7 {[%emt 0:05:42]} 17. g4 {[%emt 0:11:15]} Nb4 {[%emt 0:03:22]} 18. Nxb4 {[%emt 0:06:26]} axb4 {[%emt 0:00:03]} 19. Qd2 {[%emt 0:00:11]} Rfa8 {[%emt 0:02:00]} 20. Qxb4 {[%emt 0:02:28]} Nc6 {[%emt 0:08:48]} 21. Qc5 {[%emt 0:18:59]} Qxc5 {[%emt 0:01:06]} 22. dxc5 {[%emt 0:00:03]} Rxa2 {[%emt 0:00:09]} 23. Rxa2 {[%emt 0:00:17]} Rxa2 {[%emt 0:00:03]} 24. Nd4 {[%emt 0:00:20]} Nxd4 {[%emt 0:03:16]} 25. Bxd4 {[%emt 0:00:03]} Kf8 {[%emt 0:02:42]} 26. c6 {[%emt 0:08:10]} Ke8 27. Rc1 {[%emt 0:03:58]} Kd8 {[%emt 0:04:06]} 28. Bc5 g5 29. Bd6 {[%emt 0:06:03]} gxf4 {[%emt 0:16:24]} 30. Rc5 {[%emt 0:04:26]} 1-0

[Event "elllobregat Open-A 2019"]
[Site "El Prat de Llobregat"]
[Date "2019.12.07"]
[Round "5.16"]
[White "Pigeat, Alexandre"]
[Black "Girish, A. Koushik"]
[Result "0-1"]
[WhiteElo "2357"]
[BlackElo "2506"]
[Annotator "ChessBase"]
[PlyCount "82"]
[EventDate "2019.12.03"]
[EventType "swiss"]
[EventCountry "ESP"]
[SourceTitle "playchess.com"]
[Source "ChessBase"]
[SourceQuality "1"]
[TimeControl "40/5400+30:1800+30"]

1. d4 {[%emt 0:00:00]} Nf6 {[%emt 0:00:03]} 2. c4 {[%emt 0:00:00]} e6 {[%emt 0:00:08]} 3. Nc3 {[%emt 0:00:05]} Bb4 {[%emt 0:00:07]} 4. e3 {[%emt 0:00:16]} O-O {[%emt 0:00:14]} 5. Nge2 {[%emt 0:00:14]} Re8 {[%emt 0:00:06]} 6. a3 {[%emt 0:00:15]} Bf8 {[%emt 0:00:07]} 7. Ng3 {[%emt 0:03:15]} d5 {[%emt 0:00:09]} 8. cxd5 {[%emt 0:03:05]} exd5 {[%emt 0:00:09]} 9. Bd3 {[%emt 0:00:49]} a5 {[%emt 0:00:25]} 10. O-O {[%emt 0:01:14]} Na6 {[%emt 0:00:24]} 11. Bc2 {[%emt 0:07:30]} c6 {[%emt 0:08:13]} 12. e4 {[%emt 0:18:23]} Nxe4 {[%emt 0:04:54]} 13. Ngxe4 {[%emt 0:02:03]} dxe4 {[%emt 0:00:06]} 14. Bxe4 {[%emt 0:00:14]} Nc7 {[%emt 0:07:22]} 15. Bf3 {[%emt 0:12:34]} Be6 {[%emt 0:01:52]} 16. Be3 {[%emt 0:05:15]} Nd5 {[%emt 0:03:32]} 17. Rc1 {[%emt 0:01:37]} g6 {[%emt 0:10:09]} 18. Qd2 {[%emt 0:01:45]} Nxe3 {[%emt 0:13:35]} 19. fxe3 {[%emt 0:00:54]} Bh6 {[%emt 0:00:05]} 20. Kh1 {[%emt 0:02:16]} Bc4 {[%emt 0:01:13]} 21. Rfe1 {[%emt 0:01:06]} Qe7 {[%emt 0:00:46]} 22. Nd1 {[%emt 0:01:14]} Bb3 {[%emt 0:00:22]} 23. Rc3 {[%emt 0:00:32]} a4 {[%emt 0:00:04]} 24. Qf2 {[%emt 0:01:50]} Rad8 {[%emt 0:00:49]} 25. Rf1 {[%emt 0:00:38]} f5 {[%emt 0:01:58]} 26. Qg3 {[%emt 0:21:21]} Kg7 {[%emt 0:06:06]} 27. h3 Qd6 {[%emt 0:13:09]} 28. Qe1 {[%emt 0:05:39]} f4 {[%emt 0:01:30]} 29. Nf2 {[%emt 0:01:12]} fxe3 {[%emt 0:01:29]} 30. Ng4 {[%emt 0:01:28]} Bf4 {[%emt 0:03:36]} 31. Be2 {[%emt 0:04:15]} h5 {[%emt 0:07:59]} 32. Ne5 {[%emt 0:00:23]} Bxe5 {[%emt 0:00:24]} 33. dxe5 {[%emt 0:00:34]} Qxe5 {[%emt 0:03:41]} 34. Rf3 {[%emt 0:00:24]} Qd4 {[%emt 0:04:40]} 35. Qf1 {[%emt 0:01:51]} Bd5 {[%emt 0:02:29]} 36. Rf4 {[%emt 0:01:33]} Qe5 {[%emt 0:01:03]} 37. Kg1 {[%emt 0:01:11]} Rf8 {[%emt 0:00:20]} 38. Rxf8 {[%emt 0:00:10]} Rxf8 {[%emt 0:00:04]} 39. Qe1 {[%emt 0:00:30]} Rf2 {[%emt 0:00:26]} 40. Bf3 {[%emt 0:00:00]} Bxf3 {[%emt 0:00:00]} 41. Rxe3 {[%emt 0:01:07]} Rxg2+ {[%emt 0:00:22]} 0-1

[Event "elllobregat Open-A 2019"]
[Site "El Prat de Llobregat"]
[Date "2019.12.07"]
[Round "5.17"]
[White "Movsziszian, Karen"]
[Black "Gual Pascual, Antonio"]
[Result "1-0"]
[WhiteElo "2476"]
[BlackElo "2349"]
[Annotator "ChessBase"]
[PlyCount "115"]
[EventDate "2019.12.03"]
[EventType "swiss"]
[EventCountry "ESP"]
[SourceTitle "playchess.com"]
[Source "ChessBase"]
[SourceQuality "1"]
[TimeControl "40/5400+30:1800+30"]

1. g3 {[%emt 0:00:00]} c5 {[%emt 0:00:00]} 2. Bg2 {[%emt 0:00:00]} Nc6 {[%emt 0:00:14]} 3. c4 {[%emt 0:00:51]} g6 {[%emt 0:01:49]} 4. Nc3 {[%emt 0:00:10]} Bg7 {[%emt 0:00:09]} 5. d3 {[%emt 0:00:33]} e6 {[%emt 0:03:00]} 6. e4 {[%emt 0:00:06]} Nge7 {[%emt 0:00:30]} 7. Nge2 {[%emt 0:01:44]} d6 {[%emt 0:01:56]} 8. O-O {[%emt 0:00:21]} O-O {[%emt 0:00:11]} 9. a3 {[%emt 0:04:25]} b6 {[%emt 0:08:45]} 10. Rb1 {[%emt 0:00:55]} Bb7 {[%emt 0:00:29]} 11. b4 {[%emt 0:00:21]} Qd7 {[%emt 0:01:14]} 12. Be3 {[%emt 0:19:02]} Nd4 {[%emt 0:01:38]} 13. Qd2 {[%emt 0:02:58]} Rac8 {[%emt 0:22:42]} 14. Bh6 {[%emt 0:14:07]} Nxe2+ {[%emt 0:05:22]} 15. Nxe2 {[%emt 0:00:03]} Bxh6 {[%emt 0:00:13]} 16. Qxh6 {[%emt 0:00:02]} d5 {[%emt 0:00:12]} 17. cxd5 {[%emt 0:04:28]} exd5 {[%emt 0:00:59]} 18. bxc5 {[%emt 0:00:54]} dxe4 {[%emt 0:05:42]} 19. dxe4 {[%emt 0:01:12]} Rxc5 {[%emt 0:00:15]} 20. Rfd1 {[%emt 0:03:13]} Qc7 {[%emt 0:06:32]} 21. h4 {[%emt 0:06:14]} Rc2 {[%emt 0:15:51]} 22. Nd4 {[%emt 0:00:50]} Rc4 {[%emt 0:07:28]} 23. Nf3 {[%emt 0:13:46]} f6 {[%emt 0:04:14]} 24. Rd4 {[%emt 0:03:48]} Rxd4 {[%emt 0:07:09]} 25. Nxd4 {[%emt 0:00:03]} Qc4 {[%emt 0:00:40]} 26. Rc1 {[%emt 0:08:08]} Qxd4 {[%emt 0:01:33]} 27. Rc7 {[%emt 0:00:03]} Qd1+ {[%emt 0:01:57]} 28. Kh2 {[%emt 0:00:26]} Qh5 {[%emt 0:00:26]} 29. Qxh5 {[%emt 0:00:54]} gxh5 {[%emt 0:00:05]} 30. Rxb7 {[%emt 0:00:06]} Nc8 {[%emt 0:00:16]} 31. Bh3 {[%emt 0:03:14]} Nd6 {[%emt 0:00:19]} 32. Be6+ {[%emt 0:00:57]} Kh8 {[%emt 0:00:16]} 33. Rxa7 {[%emt 0:00:11]} Re8 {[%emt 0:00:42]} 34. Bf7 {[%emt 0:03:19]} Rxe4 {[%emt 0:00:19]} 35. Bxh5 {[%emt 0:00:02]} Re5 {[%emt 0:00:43]} 36. Bf3 {[%emt 0:02:03]} Nc4 {[%emt 0:00:41]} 37. h5 {[%emt 0:01:33]} h6 {[%emt 0:00:16]} 38. Kg2 {[%emt 0:02:01]} Kg8 {[%emt 0:01:35]} 39. a4 {[%emt 0:00:05]} Rc5 {[%emt 0:02:04]} 40. Bd1 {[%emt 0:00:00]} Na5 {[%emt 0:00:00]} 41. Ra6 {[%emt 0:07:36]} Rc6 {[%emt 0:00:57]} 42. Bf3 {[%emt 0:00:26]} Rd6 {[%emt 0:00:09]} 43. Be4 {[%emt 0:00:45]} Nc4 {[%emt 0:00:40]} 44. Ra8+ {[%emt 0:00:17]} Kf7 {[%emt 0:01:37]} 45. Ra7+ {[%emt 0:00:13]} Ke6 {[%emt 0:00:18]} 46. Rh7 {[%emt 0:00:22]} Ke5 {[%emt 0:00:24]} 47. Bg6 {[%emt 0:00:29]} Rd2 {[%emt 0:01:29]} 48. Kf3 {[%emt 0:01:40]} Kd6 {[%emt 0:01:16]} 49. g4 {[%emt 0:09:49]} Ra2 {[%emt 0:01:02]} 50. Bf5 {[%emt 0:04:39]} Rxa4 {[%emt 0:02:19]} 51. Rxh6 {[%emt 0:02:26]} Ke5 {[%emt 0:00:17]} 52. Rh7 {[%emt 0:01:05]} Ra3+ {[%emt 0:00:34]} 53. Kg2 {[%emt 0:01:45]} Nd6 {[%emt 0:00:48]} 54. Bg6 {[%emt 0:04:08]} f5 {[%emt 0:03:22]} 55. Re7+ {[%emt 0:00:05]} Kf6 {[%emt 0:00:06]} 56. Rd7 {[%emt 0:00:02]} Ke6 {[%emt 0:00:15]} 57. Rd8 {[%emt 0:00:13]} fxg4 {[%emt 0:00:12]} 58. h6 {[%emt 0:00:13]} 1-0

[Event "elllobregat Open-A 2019"]
[Site "El Prat de Llobregat"]
[Date "2019.12.07"]
[Round "5.18"]
[White "Mendonca, Leon Luke"]
[Black "Kulkarni Bhakti"]
[Result "1/2-1/2"]
[WhiteElo "2398"]
[BlackElo "2418"]
[Annotator "NA"]
[PlyCount "104"]
[EventDate "2019.12.03"]
[EventType "swiss"]
[EventCountry "ESP"]
[SourceTitle "playchess.com"]
[Source "ChessBase"]
[SourceQuality "1"]
[TimeControl "40/5400+30:1800+30"]

1. Nf3 d5 {[%emt 0:01:03]} 2. c4 {[%emt 0:00:04]} c6 {[%emt 0:00:59]} 3. d4 {[%emt 0:00:35]} Nf6 {[%emt 0:00:28]} 4. g3 {[%emt 0:00:11]} Bg4 {[%emt 0:01:55]} 5. Ne5 {[%emt 0:00:03]} Bf5 {[%emt 0:02:08]} 6. cxd5 {[%emt 0:00:07]} Qxd5 {[%emt 0:09:49]} 7. f3 {[%emt 0:00:12]} Bxb1 {[%emt 0:02:46]} 8. Rxb1 {[%emt 0:00:28]} e6 {[%emt 0:02:09]} 9. a3 {[%emt 0:05:23]} Be7 {[%emt 0:05:29]} 10. e4 {[%emt 0:01:30]} Qd8 {[%emt 0:00:17]} 11. Be3 {[%emt 0:01:10]} Nbd7 {[%emt 0:02:42]} 12. Nd3 {[%emt 0:03:53]} O-O {[%emt 0:01:56]} 13. Kf2 {[%emt 0:01:42]} a5 {[%emt 0:09:03]} 14. Rc1 {[%emt 0:00:58]} a4 {[%emt 0:01:27]} 15. Be2 {[%emt 0:00:58]} Ne8 {[%emt 0:06:46]} 16. Kg2 {[%emt 0:12:00]} Nd6 {[%emt 0:04:42]} 17. Qd2 {[%emt 0:03:03]} h6 {[%emt 0:04:36]} 18. Nc5 {[%emt 0:15:52]} Nxc5 {[%emt 0:17:01]} 19. dxc5 {[%emt 0:00:24]} Nb5 {[%emt 0:01:26]} 20. Qb4 {[%emt 0:02:37]} Qc7 {[%emt 0:05:47]} 21. Rhd1 {[%emt 0:06:38]} Rfd8 {[%emt 0:01:42]} 22. Rxd8+ {[%emt 0:08:17]} Rxd8 {[%emt 0:00:54]} 23. Rd1 {[%emt 0:01:09]} Bf6 {[%emt 0:06:55]} 24. Rxd8+ Qxd8 {[%emt 0:00:03]} 25. Bxb5 {[%emt 0:19:31]} cxb5 {[%emt 0:00:05]} 26. Qxb5 Qd1 {[%emt 0:00:27]} 27. e5 {[%emt 0:09:00]} Qc2+ {[%emt 0:01:42]} 28. Bf2 {[%emt 0:00:16]} Bxe5 {[%emt 0:00:46]} 29. Qxb7 {[%emt 0:02:01]} Bxb2 {[%emt 0:01:27]} 30. Qb8+ {[%emt 0:02:58]} Kh7 {[%emt 0:00:03]} 31. Qb4 {[%emt 0:00:34]} e5 {[%emt 0:03:53]} 32. Qe4+ {[%emt 0:00:47]} Qxe4 {[%emt 0:00:02]} 33. fxe4 {[%emt 0:00:03]} Bxa3 {[%emt 0:00:07]} 34. c6 {[%emt 0:00:03]} Bd6 {[%emt 0:00:05]} 35. Bb6 {[%emt 0:00:06]} a3 {[%emt 0:00:23]} 36. c7 {[%emt 0:00:05]} a2 {[%emt 0:00:24]} 37. c8=Q {[%emt 0:00:05]} a1=Q {[%emt 0:00:05]} 38. Qf5+ {[%emt 0:00:03]} Kg8 {[%emt 0:00:12]} 39. Qc8+ {[%emt 0:00:05]} Kh7 {[%emt 0:03:34]} 40. Qf5+ {[%emt 0:00:00]} Kg8 {[%emt 0:00:00]} 41. Qc8+ {[%emt 0:00:03]} Bf8 {[%emt 0:09:10]} 42. Bc5 {[%emt 0:00:31]} Qa2+ {[%emt 0:00:06]} 43. Kh3 {[%emt 0:00:05]} Qe6+ {[%emt 0:00:14]} 44. Qxe6 {[%emt 0:00:04]} fxe6 {[%emt 0:00:05]} 45. Be3 {[%emt 0:00:03]} Kf7 {[%emt 0:00:29]} 46. Kg4 {[%emt 0:00:02]} g6 {[%emt 0:00:53]} 47. Kf3 {[%emt 0:00:04]} h5 {[%emt 0:01:11]} 48. h3 {[%emt 0:00:12]} Bb4 {[%emt 0:00:44]} 49. g4 {[%emt 0:00:20]} Kf6 {[%emt 0:00:30]} 50. Bc1 {[%emt 0:00:22]} Bc3 {[%emt 0:00:14]} 51. Be3 {[%emt 0:00:09]} Bd4 {[%emt 0:01:27]} 52. Bd2 {[%emt 0:00:11]} Bb2 {[%emt 0:00:25]} 1/2-1/2

[Event "elllobregat Open-A 2019"]
[Site "El Prat de Llobregat"]
[Date "2019.12.09"]
[Round "7.1"]
[White "Narayanan.S.L"]
[Black "Bartel, Mateusz"]
[Result "1/2-1/2"]
[WhiteElo "2626"]
[BlackElo "2634"]
[Annotator "TA"]
[PlyCount "38"]
[EventDate "2019.12.03"]
[EventType "swiss"]
[EventCountry "ESP"]
[SourceTitle "playchess.com"]
[Source "ChessBase"]
[SourceQuality "1"]

{[%evp 9,38,29,58,53,52,36,49,45,49,39,60,29,18,27,23,22,37,27,40,0,0,0,0,-16,0,0,0,0,0,-16,0]} 1. d4 Nf6 2. c4 e6 3. Nf3 d5 4. Nc3 dxc4 5. e4 b5 (5... Bb4 6. Bxc4 Nxe4 7. O-O Nf6 8. Qa4+ Nc6 9. Ne5 Bd6 10. Nxc6 bxc6 11. Qxc6+ Bd7 12. Qf3 O-O 13. Bg5 Rb8 {1-0 (45) Giri,A (2780)-Duda,J (2730) chess.com INT 2019}) 6. e5 {D24: Queen's Gambit Accepted: 3 Nf3 Nf6 4 Nc3} Nd5 7. Nxb5 Nb6 8. Be2 {White is slightly better.} Be7 9. Be3 $146 ({Predecessor:} 9. O-O Nc6 10. Be3 O-O 11. a3 Na5 12. Qc2 Bb7 13. Rad1 {½-½ (24) Anton Guijarro,D (2635)-Del Rio de Angelis,S (2511) Linares 2015}) 9... Nc6 10. a3 Bb7 11. Qc2 Qd7 12. Nc3 Na5 13. Rd1 Qc6 14. O-O O-O {The position is equal.} 15. Ne1 Rab8 16. Bf3 Qd7 17. Bxb7 Rxb7 18. Nf3 Nd5 19. Bd2 Rfb8 {Accuracy: White = 55%, Black = 74%.} 1/2-1/2